The law-dictionary : explaining the rise, progress, and present state, of the English law; defining and interpreting the terms or words of art; and comprising copious information on the subjects of law, trade, and government /

Bibliographic Details
Main Author: Jacob, Giles, 1686-1744
Other Authors: Tomlins, T. E. (Thomas Edlyne), 1762-1841
Format: Book
Language:English
Edition:2d ed.,
Subjects:

MARC

Tag First Indicator Second Indicator Subfields
LEADER 00000cam a2200000 4500
001 in00000053789
005 20151008050900.0
008 800502s1809 enk d 00010 eng
010 |a  14022390  
035 |a (OCoLC)06276034 
035 |9 AAG4026AM 
040 |a DLC  |c TXA  |d UtOrBLW 
049 |a TXAM  |v 1 [455666]  |v 2 [455667] 
090 |a KD313  |b .J33 1809 
092 |a 340.03  |b J15 
100 1 |a Jacob, Giles,  |d 1686-1744. 
245 1 4 |a The law-dictionary :  |b explaining the rise, progress, and present state, of the English law; defining and interpreting the terms or words of art; and comprising copious information on the subjects of law, trade, and government /  |c Originally comp. by Giles Jacob: cor. and greatly enl. by T. E. Tomlins ... 
250 |a 2d ed.,  |b with considerable additions ... 
264 3 |a London :  |b Printed by A. Strahan, law printer to the King's Most excellent Majesty, for J. Johnson [etc.],  |c 1809. 
300 |a 2 volumes ;  |c 27 cm. 
336 |a text  |b txt  |2 rdacontent 
337 |a unmediated  |b n  |2 rdamedia 
338 |a volume  |b nc  |2 rdacarrier 
650 0 |a Law  |z Great Britain  |v Dictionaries. 
700 1 |a Tomlins, T. E.  |q (Thomas Edlyne),  |d 1762-1841. 
999 |a MARS 
999 f f |s 2408fbc5-6ca6-3d89-98f0-9d14454f80bb  |i 30a9c016-ffd8-395a-b858-4b956233cf60  |t 0 
952 f f |p ric  |a Texas A&M University  |b Rellis Campus  |c Joint Library Facility  |d Remote Storage  |t 0  |e KD313 .J33 1809  |h Library of Congress classification  |i unmediated -- volume  |k v.2  |m A14800779703 
952 f f |p ric  |a Texas A&M University  |b Rellis Campus  |c Joint Library Facility  |d Remote Storage  |t 0  |e KD313 .J33 1809  |h Library of Congress classification  |i unmediated -- volume  |k v.1  |m A14800779698 
998 f f |a KD313 .J33 1809  |s v.1-v.2  |t 0  |l Remote Storage